|
|
|
|
| LEADER |
00000nam0a2200000 4500 |
| 001 |
332055 |
| 005 |
20231102004422.0 |
| 035 |
|
|
|a (RuTPU)RU\TPU\book\357954
|
| 090 |
|
|
|a 332055
|
| 100 |
|
|
|a 20170516d1980 km y0rusy50 ca
|
| 101 |
0 |
|
|a rus
|
| 102 |
|
|
|a RU
|
| 105 |
|
|
|a a z 001zy
|
| 200 |
1 |
|
|a Электрическая природа осложнений в скважинах и борьба с ними
|f А. С. Серяков [и др.]
|
| 210 |
|
|
|a Москва
|c Недра
|d 1980
|
| 215 |
|
|
|a 134 с.
|c ил.
|
| 320 |
|
|
|a Библиогр.: с. 131-133
|
| 606 |
1 |
|
|a Бурение
|x Осложнения
|2 stltpush
|3 (RuTPU)RU\TPU\subj\30242
|9 53374
|
| 610 |
1 |
|
|a скважины
|
| 610 |
1 |
|
|a электрические процессы
|
| 610 |
1 |
|
|a предотвращение
|
| 610 |
1 |
|
|a электрическое поле
|
| 610 |
1 |
|
|a промывочные растворы
|
| 610 |
1 |
|
|a растворение
|
| 610 |
1 |
|
|a кристаллизация
|
| 610 |
1 |
|
|a каверны
|
| 610 |
1 |
|
|a хемогенные отложения
|
| 675 |
|
|
|a 622.248.3
|v 4
|
| 701 |
|
1 |
|a Серяков
|b А. С.
|
| 701 |
|
1 |
|a Мухин
|b Л. К.
|
| 701 |
|
1 |
|a Лубан
|b В. З.
|
| 701 |
|
1 |
|a Титоренко
|b М. Х.
|
| 701 |
|
1 |
|a Харив
|b И. Ю.
|
| 801 |
|
1 |
|a RU
|b 63413507
|c 20170516
|
| 801 |
|
2 |
|a RU
|b 63413507
|c 20170516
|g RCR
|
| 942 |
|
|
|c BK
|